000 00880nam a2200289Ia 4500
003 OSt
005 20220924114813.0
006 a|||||r|||| 00| 0
007 ta
008 220923b |||||||| |||| 00| 0 ara d
020 _a9789774216931 (pbk)
020 _c975
024 _a281477
037 _b606, 04/09/2014, Nadwi Publications
_cTextual
040 _aARTS
_cARTS
_bara
041 _2ara
_aara
082 _aO111,3N32,HF, 28Q0
100 _aNaipaul V S Au.
_9175476
245 0 _aBaiti Al Sayed Biswas
260 _aCairo
_bEgyption Book Org Egypt
_c2010
300 _a603p.
_ccm.
650 _a ENGLISH LITERATURE
650 _aENGLISH FICTION
700 _a Sabri Salah Tr.
_9175477
942 _hO111,3N32,HF, 28Q0
_cTEXL
_2CC
999 _c395382
_d395382